| 000 | 00384nam a22001337a 4500 | ||
|---|---|---|---|
| 005 | 20250903145345.0 | ||
| 082 | _a582.0463072 ADV | ||
| 100 | _aP K K Nair | ||
| 100 | _aSushma Kothari | ||
| 245 | _aAdvances in Pollen-Spore Research.Vol.13 Studies in the Pollen Morphology of Indian Heteromerae | ||
| 260 |
_aNew Delhi _bScholar Publishing House _c1985 |
||
| 300 | _a90 | ||
| 942 | _cBK | ||
| 999 |
_c373965 _d373965 |
||